000
00318nam a2200133Ia 4500
005
20260328101508.0
008
260328s9999||||xx |||||||||||||| ||und||
100
_a
de Coulanges, Fustel
245
0
_a
La Ciudad Antigua /
_c
Fustel de Coulanges
260
_b
Edaf
300
_a
371 p.
650
_a
URBANISMO
942
_c
BK
999
_c
9106
_d
9106